ბათუმის შოთა რუსთაველის სახელმწიფო უნივერსიტეტის ბიბლიოთეკა

Алебра многочленов учеб. пособие для студентов-заочников III-IV курсов физ.-мат. фак. пед. ин-тов (ბიბ.ჩანაწერი № 39128)

000 -LEADER
fixed length control field 00751nam a2200205Ia 4500
001 - CONTROL NUMBER
control field 5711
003 - CONTROL NUMBER IDENTIFIER
control field GE_BSU
008 - FIXED-LENGTH DATA ELEMENTS--GENERAL INFORMATION
fixed length control field 181216s||||||||xx |||||||||||||| ||und||
040 ## - CATALOGING SOURCE
Transcribing agency GE_BSU
080 ## - UNIVERSAL DECIMAL CLASSIFICATION NUMBER
Universal Decimal Classification number 5129514
100 ## - MAIN ENTRY--PERSONAL NAME
Personal name Э.Б. Винберг.
245 ## - TITLE STATEMENT
Title Алебра многочленов учеб. пособие для студентов-заочников III-IV курсов физ.-мат. фак. пед. ин-тов
245 ## - TITLE STATEMENT
Remainder of title Московский Гос заочный пед. ин-ут
260 ## - PUBLICATION, DISTRIBUTION, ETC.
Place of publication, distribution, etc. Моска
260 ## - PUBLICATION, DISTRIBUTION, ETC.
Name of publisher, distributor, etc. Просвещение,
260 ## - PUBLICATION, DISTRIBUTION, ETC.
Date of publication, distribution, etc. 1980.
300 ## - PHYSICAL DESCRIPTION
Extent 144с. 22см.
653 ## - INDEX TERM--UNCONTROLLED
Uncontrolled term Алебра многочленов. учеб. пособие для студ.- заочников
942 ## - ADDED ENTRY ELEMENTS (KOHA)
Koha item type წიგნი
ეგზემპლარები
Withdrawn status Lost status Damaged status Not for loan Date acquired Barcode Date last seen Price effective from Koha item type
        2018-12-17 16594 2018-12-17 2018-12-17 წიგნი